Like one that dreamed: a portrait of A.M. Kleim

Kaydedildi:
Detaylı Bibliyografya
Yazar: Caplan, Usher
Materyal Türü: Kitap
Dil:Undetermined
Baskı/Yayın Bilgisi: Toronto, Canadá Mcgraw-Hill Ryerson 1983
Konular:
Etiketler: Etiketle
Etiket eklenmemiş, İlk siz ekleyin!

MARC

LEADER 00000nam a2200000Ia 4500
008 170316s9999 xx 000 0 und d
090 |a 818 C-3L 
100 |a Caplan, Usher 
245 |a Like one that dreamed: a portrait of A.M. Kleim 
260 |a Toronto, Canadá 
260 |b Mcgraw-Hill Ryerson 
260 |c 1983 
300 |a 223 páginas 
650 |a LITERATURA CANADIENSE 
999 |c 21794  |d 21794 
040 |a cru BVZT 
942 |c 15 D  |h 818 C-3L  |2 z